000 00475nam a2200181Ia 4500
003 GCL
008 140319s9999 xx 000 0 eng d
040 _aGCL /
_cGCL
082 0 4 _aCC
_b401.1
_bB E
100 1 _aBUDGE, WALLIS
245 1 0 _aEGYPTIAN LANGUAGE EASY LESSONS IN EGYPTIAN HIEROGLYPHICS /
_cBUDGE, WALLIS
260 _a[S.N] :
_bROUTLEDGE ،
_c1994
300 _a246 P P
650 0 4 _aEGYPT
650 0 4 _aHIEROGLYPHIC
650 0 4 _aLANGUAGES
942 _2ddc
_cBK
999 _c17701
_d17701